Report of the Committee on Development of Small and Medium Enterpreneurs (Record no. 486243)

000 -LEADER
fixed length control field 00569cam a22001577a 4500
008 - FIXED-LENGTH DATA ELEMENTS--GENERAL INFORMATION
fixed length control field 180718b1973 xxu||||| |||| 00| 0 eng d
082 ## - DEWEY DECIMAL CLASSIFICATION NUMBER
Classification number T3x54 R299
100 ## - MAIN ENTRY--PERSONAL NAME
Personal name India. Committee on Development of Small and Medium Entrepreneurs
245 ## - TITLE STATEMENT
Title Report of the Committee on Development of Small and Medium Enterpreneurs
Statement of responsibility, etc. by Indian Investment Centre
260 ## - PUBLICATION, DISTRIBUTION, ETC.
Place of publication, distribution, etc. New Delhi
Name of publisher, distributor, etc. Indian Investment Centre
Date of publication, distribution, etc. 1973
300 ## - PHYSICAL DESCRIPTION
Extent 104p.
500 ## - GENERAL NOTE
General note Chairman: R.S. Bhatt
650 ## - SUBJECT ADDED ENTRY--TOPICAL TERM
Topical term or geographic name entry element Businessmen - India
700 ## - ADDED ENTRY--PERSONAL NAME
Personal name Indian Investment Centre
700 ## - ADDED ENTRY--PERSONAL NAME
Personal name Bhatt, R.S. (Chairman)
Holdings
Withdrawn status Lost status Damaged status Not for loan Permanent Location Current Location Date acquired Full call number Barcode Date last seen Price effective from Koha item type
        Indian Institute of Public Administration Indian Institute of Public Administration 2018-08-04 T3x54 R299 GG32001 2018-08-04 2018-08-04 GG

Powered by Koha